000 00493nam a2200181Ia 4500
003 GCL
008 140319s9999 xx 000 0 eng d
040 _aGCL /
_cGCL
082 0 4 _a709.5
_bR A
100 1 _aROWLAND, BENJAMIN
245 1 0 _aTHE AJANTA CAVES: EARLY BUDDHIST PAINTINGS FROM INDIA /
_cROWLAND, BENJAMIN
260 _a[S.N] :
_bA MENTOR - UNESCO ART BOOK ،
_c1963
300 _a46P.
650 0 4 _aART
650 0 4 _aHISTORY OF ART
650 0 4 _aINDIA - ARTS
942 _2ddc
_cBK
999 _c12106
_d12106